Ako sa čistia živnostníci

Skvalitňovanie podnikateľského prostredia zvyšovaním rýchlosti a jednoduchosti začatia podnikania. Analýza novely živnostenského zákona. Kritika počtu zapísaných živností na jednom živnostenskom liste. Myšlienka zriadenia jednotných kontaktných miest hlavne pre začínajúcich podnikateľov. Schvaľovani...

Descripción completa

Guardado en:
Detalles Bibliográficos
Autor principal: Marčan, Peter
Formato: Capítulo de libro
Lenguaje:eslovaco
Materias:
Etiquetas: Agregar Etiqueta
Sin Etiquetas, Sea el primero en etiquetar este registro!

MARC

LEADER 00000naa$a2200000$$$4500
001 0056140
005 20231009073132.5
041 0 |a slo 
044 |a SK 
245 1 0 |a Ako sa čistia živnostníci  |c Peter Marčan 
520 |a Skvalitňovanie podnikateľského prostredia zvyšovaním rýchlosti a jednoduchosti začatia podnikania. Analýza novely živnostenského zákona. Kritika počtu zapísaných živností na jednom živnostenskom liste. Myšlienka zriadenia jednotných kontaktných miest hlavne pre začínajúcich podnikateľov. Schvaľovanie novely zákona parlamentom. 
610 2 0 |a živnostníci 
610 2 0 |a živnosti 
610 2 0 |a legislatíva 
610 2 0 |a podnikanie živnostenské 
610 2 0 |a zákony 
100 1 |a Marčan, Peter